000 00719nam a22002057a 4500
999 _c9802
_d9802
003 AR-CdUCM
008 190328b ||||| |||| 00| 0 spa d
040 _aMUNICIPALIDAD PROVINCIAL DEL CUSCO
_cBIBLIOTECA MUNICIPAL DEL CUSCO
082 _a109 /
_bD98 / 1939
100 _aDurant, Will
_916517
245 _aHistoria de la filosofía /
260 _aSantiago :
_bLetras,
_c1939.
300 _a518 páginas ;
_c18 cm.
505 _aContenido: Platón -- Aristóteles y la ciencia griega -- Francisco Bacon -- Espinosa -- Voltaire y la filosofía francesa del siglo XVIII ...
650 _aFilosofía
_9395
650 _aHistoria
_9136
700 _aGonzales R., Armando
_926254
942 _2ddc
_cLIBROS
945 _aacv